Statistiche per Conversione veloce decimale a binaria

Clicka qui per fare il quiz!

Statistiche generali

  • Questo quiz è stato fatto 89 volte
  • Il punteggio medio è 10 su 20

Statistiche sulle risposte

decimalebinaria% Corretto
11
100%
4100
100%
131101
100%
210
80%
5101
80%
311
75%
91001
67%
2010100
67%
121100
67%
7111
67%
81000
60%
1710001
50%
6110
50%
2411000
50%
141110
50%
56111000
50%
151111
50%
1610000
33%
111011
33%
2310111
33%
1910011
25%
32100000
0%
33100001
0%
34100010
0%
35100011
0%
1810010
0%
36100100
0%
37100101
0%
38100110
0%
39100111
0%
101010
0%
40101000
0%
41101001
0%
2110101
0%
42101010
0%
43101011
0%
2210110
0%
44101100
0%
45101101
0%
46101110
0%
47101111
0%
48110000
0%
49110001
0%
2511001
0%
50110010
0%
51110011
0%
2611010
0%
52110100
0%
53110101
0%
2711011
0%
54110110
0%
55110111
0%
2811100
0%
57111001
0%
2911101
0%
58111010
0%
59111011
0%
3011110
0%
60111100
0%
61111101
0%
3111111
0%
62111110
0%
63111111
0%

Distribuzione punteggi

Percentile per numero di risposta

Percentuale di utenti per punteggio

I tuoi punteggi nel tempo

Non hai fatto questo quiz